Les Techniques de Dragon Ball/Z/Super - Statistiques

Statistiques générales
  • Ce quiz a été pris 766 fois
  • Le résultat moyen est 8 sur 25
Statistiques - réponses
Par images Réponse % Correct
Kamehameha
100%
Kienzan
79%
Genkidama
70%
Final Flash
69%
Masenko
50%
Kikoho
49%
Final Kamehameha
42%
Makankosappo
39%
Ryuken
32%
Big Bang Attack
31%
Absorption
30%
Mafuba
30%
Sokidan
23%
Big Bang Kamehameha
22%
Black Kamehameha
22%
Supernova
21%
Cannon Garric
19%
Deplacement Instantané
13%
Spirit Sword
11%
Burning Attack
10%
Light Grenade
8%
Galactic Donut
7%
Stardust Breaker
7%
Body Change
5%
Volcano Explosion
0%
Aucun quiz correspondant
Distribution des résultats
% des personnes avec chaque résultat
Percentile par nombre de réponses
Votre historique - résultats
Vous n’avez pas pris ce quiz